zpět

Detail výsledku týmu

Spirit Bar - Žižkov, Praha

Datum a čas kvízu

38 Celkem bodů Celkový počet nahraných bodů na tomto kvízu bez doplňovacích otázek.
4. Pořadí na kvízu Konečné umístění týmu na tomto kvízu.

Zaznamenané odpovědi

# Otázka Odpověď Body Výsledky
1. V ostravské zoologické zahradě... o mývaly severní 1
2. Balendra Šáh se v pátek stal p... A 0
3. Ve středu byla zveřejněna prvn... Harry Potter, HBO 1
4. Které dvě společnosti byly min... Meta a Google 1
5. Jak se jmenuje muž, který nově... Ladislav Krejčí 1
6. „Na kterém z havajských ostrov... B 1
7. AZ Kvíz se na obrazovkách obje... 1 100 Kč 0
8. Doplňte tři slova do sloganu s... který vám zaplatí 1
9. Pod kterým názvem jsme mohli z... Rejžuj! 1
10. Kdo byl moderátorem soutěže, j... Marek Eben, Valtice 1